গল্পে-গল্পে জেনেটিক্স / (Record no. 11540)
[ view plain ]
| 000 -LEADER | |
|---|---|
| fixed length control field | 00877nam a2200241 a 4500 |
| 001 - CONTROL NUMBER | |
| JCCL Control Number | 11540 |
| 003 - CONTROL NUMBER IDENTIFIER | |
| JCCL marc code | BD-JhCC |
| 005 - DATE AND TIME OF LATEST TRANSACTION | |
| control field | 20200314102642.0 |
| 008 - FIXED-LENGTH DATA ELEMENTS--GENERAL INFORMATION | |
| fixed length control field | 200314b xxu||||| |||| 00| 0 eng d |
| 020 ## - INTERNATIONAL STANDARD BOOK NUMBER | |
| International Standard Book Number | 9789848040904 |
| 035 ## - SYSTEM CONTROL NUMBER | |
| system control number | (BD-JhCC)11540 |
| 040 ## - CATALOGING SOURCE | |
| Original cataloging agency | BD-JhCC |
| Modifying agency | BD-JhCC |
| 041 ## - LANGUAGE CODE | |
| Language code of Book | eng |
| 082 ## - DEWEY DECIMAL CLASSIFICATION NUMBER | |
| Classification number | 576.5 |
| Author mark and Year | GON |
| 100 ## - MAIN ENTRY--PERSONAL NAME | |
| Personal name | গনিক, ল্যারি |
| 245 ## - TITLE STATEMENT | |
| Title | গল্পে-গল্পে জেনেটিক্স / |
| Statement of responsibility, etc | ল্যারি গনিক, মার্ক হুইলিস অনুবাদক চমক হাসান |
| 260 ## - PUBLICATION, DISTRIBUTION, ETC. (IMPRINT) | |
| Place of publication, distribution, etc | ঢাকা : |
| Name of publisher, distributor, etc | আদর্শ |
| Date of publication, distribution, etc | ২০২০ |
| 300 ## - PHYSICAL DESCRIPTION | |
| Pagination | ১১১ পৃ. : |
| Other physical details | চিত্রবলী সংযোজিত, |
| Dimensions | ২৩ সেমি. |
| 650 ## - SUBJECT ADDED ENTRY--TOPICAL TERM | |
| Topical term or geographic name as entry element | Genetics |
| 700 ## - ADDED ENTRY--PERSONAL NAME | |
| Personal name | হুইলিস, মার্ক |
| 700 ## - ADDED ENTRY--PERSONAL NAME | |
| Personal name | হাসান, চমক |
| 942 ## - ADDED ENTRY ELEMENTS (KOHA) | |
| Source of classification or shelving scheme | Dewey Decimal Classification |
| Koha item type | Books |
| Source of classification or shelving scheme | volume number | Damaged status | Not for loan | Home library | Current library | Shelving location | Date of accession | Cost, normal purchase price | Total Checkouts | Full call number | Barcode | Date last seen | Date checked out | Copy number | Koha item type |
|---|---|---|---|---|---|---|---|---|---|---|---|---|---|---|---|
| Dewey Decimal Classification | V-1 | JCC Rouf Library | JCC Rouf Library | General Stacks | 03/14/2020 | 225.00 | 1 | 576.5 GON | 15776 | 08/30/2022 | 08/23/2022 | C-1 | Books | ||
| Dewey Decimal Classification | V-1 | JCC Rouf Library | JCC Rouf Library | General Stacks | 03/15/2020 | 225.00 | 576.5 GON | 15759 | 03/15/2020 | C-2 | Books |